[Event "CAN-op U2000 (Pinnacle 48th CAN Op Ch)"]
[Site "Toronto CAN"]
[Date "2011.07.14"]
[Round "6"]
[White "Song, Eric"]
[Black "Yu, Jonathan"]
[Result "0-1"]
[WhiteElo "1488"]
[BlackElo "1971"]
[PlyCount "150"]
[GameId "2160767909703754"]
[EventDate "2011.07.09"]
[EventType "swiss"]
[EventRounds "9"]
[EventCountry "CAN"]
[SourceTitle "EXT 2022"]
[Source "ChessBase"]
[SourceDate "2021.10.06"]
[SourceVersion "1"]
[SourceVersionDate "2021.10.06"]
[SourceQuality "1"]

1. e4 e6 2. d4 d5 3. e5 c5 4. Nf3 cxd4 5. Nxd4 Nc6 6. Nf3 Nge7 7. Bd3 Ng6 8. Bxg6 hxg6 9. Bf4 Qb6 10. Qc1 Qc7 11. Nc3 Bb4 12. O-O Bxc3 13. bxc3 Na5 14. Qe1 b6 15. Nd4 Ba6 16. Ne2 Qc4 17. Nd4 Qxf1+ 18. Qxf1 Bxf1 19. Kxf1 a6 20. Rb1 Nc4 21. Ke2 Kd7 22. h3 b5 23. Nf3 f6 24. Bg3 Ra7 25. exf6 gxf6 26. Nd2 Nxd2 27. Kxd2 e5 28. Rf1 g5 29. f3 Rc7 30. Be1 Rhc8 31. Kd1 Rc4 32. g3 Ra4 33. h4 Rxa2 34. h5 Ra4 35. Ke2 Ke6 36. Bd2 a5 37. Rb1 Rb8 38. Rf1 Rc4 39. f4 exf4 40. gxf4 gxf4 41. Bxf4 Rh8 42. h6 Rxf4 43. Rxf4 Rxh6 44. Kd2 Ke5 45. Rf1 f5 46. Re1+ Kd6 47. Rf1 Rf6 48. Kd3 f4 49. Ra1 a4 50. Rb1 Kc5 51. Rb4 f3 52. Rb1 f2 53. Rf1 a3 54. c4 dxc4+ 55. Kd2 b4 56. Ke3 b3 57. cxb3 cxb3 58. Kd3 Kb4 59. Kd2 a2 60. Ke3 a1=Q 61. Rxa1 f1=Q 62. Rxf1 Rxf1 63. Ke2 Rf4 64. Ke3 Rc4 65. Kd3 Kc5 66. Ke3 Rd4 67. Kf3 Kd5 68. Ke3 Ke5 69. Kf3 Re4 70. Kg3 Rf4 71. Kg2 Ke4 72. Kg3 Ke3 73. Kh3 Kf3 74. Kh2 Kf2 75. Kh3 Re4 0-1

[Event "CAN-op U2000 (Pinnacle 48th CAN Op Ch)"]
[Site "Toronto CAN"]
[Date "2011.07.14"]
[Round "6"]
[White "Stavropoulos, Greg"]
[Black "Zator, Ed"]
[Result "1/2-1/2"]
[WhiteElo "1872"]
[BlackElo "1902"]
[PlyCount "104"]
[GameId "2160767909703755"]
[EventDate "2011.07.09"]
[EventType "swiss"]
[EventRounds "9"]
[EventCountry "CAN"]
[SourceTitle "EXT 2022"]
[Source "ChessBase"]
[SourceDate "2021.10.06"]
[SourceVersion "1"]
[SourceVersionDate "2021.10.06"]
[SourceQuality "1"]

1. c4 e5 2. Nc3 Nf6 3. Nf3 Nc6 4. g3 Nd4 5. Bg2 Nxf3+ 6. Bxf3 c6 7. d4 exd4 8. Qxd4 Be7 9. O-O O-O 10. Bf4 Ne8 11. Rfd1 Qb6 12. Qd2 d6 13. b3 Be6 14. Rac1 Rd8 15. Bg5 Bxg5 16. Qxg5 h6 17. Qf4 Qc5 18. Rd3 Nf6 19. Rcd1 d5 20. cxd5 cxd5 21. Qd2 Rd7 22. Nxd5 Nxd5 23. Bxd5 Re7 24. Bxe6 Rxe6 25. Rd8 Rxd8 26. Qxd8+ Kh7 27. Qd3+ g6 28. e3 Qe5 29. h4 Qh5 30. Rc1 Qf3 31. Rc2 Kg7 32. Qd4+ Qf6 33. Qxa7 Rb6 34. Qa5 Qa1+ 35. Kg2 Rxb3 36. Qd2 Rb1 37. Qd4+ Qxd4 38. exd4 Rd1 39. Rc4 b5 40. Rb4 Rd3 41. Rxb5 Rxd4 42. Ra5 Rd2 43. a4 Ra2 44. Kf3 Kf6 45. g4 Ra3+ 46. Ke4 Rh3 47. g5+ Kg7 48. gxh6+ Kxh6 49. f4 Rxh4 50. Rb5 Rh1 51. Kd5 Ra1 52. a5 Ra4 1/2-1/2

[Event "CAN-op U2000 (Pinnacle 48th CAN Op Ch)"]
[Site "Toronto CAN"]
[Date "2011.07.14"]
[Round "6"]
[White "Tahiliani, Manoj"]
[Black "Renteria, Manuela"]
[Result "0-1"]
[WhiteElo "1511"]
[BlackElo "1922"]
[PlyCount "82"]
[GameId "2160767909703756"]
[EventDate "2011.07.09"]
[EventType "swiss"]
[EventRounds "9"]
[EventCountry "CAN"]
[SourceTitle "EXT 2022"]
[Source "ChessBase"]
[SourceDate "2021.10.06"]
[SourceVersion "1"]
[SourceVersionDate "2021.10.06"]
[SourceQuality "1"]

1. e4 c5 2. Nf3 d6 3. h3 a6 4. Bc4 b5 5. Bd5 Ra7 6. d3 Nf6 7. Bb3 Bb7 8. Nc3 e6 9. Be3 Be7 10. O-O O-O 11. Ne2 Ba8 12. a3 Rd7 13. Ng3 d5 14. e5 Ne8 15. Nh2 Qc7 16. d4 cxd4 17. Bxd4 Nc6 18. Ng4 Nxd4 19. Qxd4 Bc5 20. Qd2 f5 21. Ne3 f4 22. Nh5 fxe3 23. fxe3 Rdf7 24. Qe2 Qxe5 25. Rxf7 Bxe3+ 26. Kh1 Rxf7 27. Re1 Nc7 28. Qg4 Qg5 29. Qxg5 Bxg5 30. Kg1 g6 31. Re5 Rf5 32. Rxf5 exf5 33. Ng3 Bc1 34. Kf2 Bxb2 35. a4 bxa4 36. Bxa4 Kf7 37. Ke3 Kf6 38. Ne2 Kg5 39. c3 Bxc3 40. Kd3 d4 41. g3 Ne6 0-1

[Event "CAN-op U2000 (Pinnacle 48th CAN Op Ch)"]
[Site "Toronto CAN"]
[Date "2011.07.14"]
[Round "6"]
[White "Triefeldt, Jack"]
[Black "Nickoloff, Steve"]
[Result "1-0"]
[WhiteElo "1714"]
[BlackElo "1872"]
[PlyCount "55"]
[GameId "2160767909703757"]
[EventDate "2011.07.09"]
[EventType "swiss"]
[EventRounds "9"]
[EventCountry "CAN"]
[SourceTitle "EXT 2022"]
[Source "ChessBase"]
[SourceDate "2021.10.06"]
[SourceVersion "1"]
[SourceVersionDate "2021.10.06"]
[SourceQuality "1"]

1. d4 Nf6 2. c4 c6 3. Nc3 g6 4. e4 d6 5. f3 Bg7 6. Be3 O-O 7. Bd3 Nbd7 8. Nge2 Re8 9. O-O e5 10. d5 Nf8 11. b4 cxd5 12. Nxd5 Nxd5 13. cxd5 f5 14. Rc1 f4 15. Bf2 Qg5 16. Kh1 Bf6 17. Rg1 Bd8 18. Rc3 Bd7 19. Qd2 Qh6 20. Bc2 g5 21. g3 Kh8 22. g4 Ng6 23. Qe1 Rc8 24. Rxc8 Bxc8 25. Bxa7 Nh4 26. Qf2 b6 27. Rf1 Ba6 28. Bd1 1-0

[Event "CAN-op U2000 (Pinnacle 48th CAN Op Ch)"]
[Site "Toronto CAN"]
[Date "2011.07.14"]
[Round "6"]
[White "Verde, Pino"]
[Black "Maister, Martin"]
[Result "1-0"]
[WhiteElo "1660"]
[BlackElo "1733"]
[PlyCount "101"]
[GameId "2160767909703758"]
[EventDate "2011.07.09"]
[EventType "swiss"]
[EventRounds "9"]
[EventCountry "CAN"]
[SourceTitle "EXT 2022"]
[Source "ChessBase"]
[SourceDate "2021.10.06"]
[SourceVersion "1"]
[SourceVersionDate "2021.10.06"]
[SourceQuality "1"]

1. e4 c5 2. Nf3 d6 3. c3 Nf6 4. Qc2 Nc6 5. Bb5 Bd7 6. O-O a6 7. Be2 e5 8. d3 Be7 9. Nbd2 b5 10. Re1 O-O 11. Nf1 d5 12. Ne3 dxe4 13. dxe4 Qb8 14. Nd5 Nxd5 15. exd5 Na7 16. Bd3 Bd6 17. Bxh7+ Kh8 18. Re4 g6 19. Rh4 Be7 20. Bg5 Bxg5 21. Nxg5 Kg7 22. Nxf7 Bf5 23. Qd2 Kxf7 24. g4 Qd8 25. Qh6 Bc2 26. Re1 Qf6 27. Re2 Be4 28. f3 Bb1 29. Rf2 Qg7 30. Qe3 Rae8 31. f4 Ke7 32. f5 gxf5 33. Rh6 Qxg4+ 34. Rg2 Qf4 35. Rg7+ Rf7 36. Re6+ Kd8 37. Rd6+ Ke7 38. Rxf7+ Kxd6 39. Qxf4 exf4 40. Rxa7 Kxd5 41. Rxa6 Rc8 42. Kf1 Rc7 43. Bg8+ Ke5 44. Re6+ Kd5 45. Kf2 Be4 46. h4 Rb7 47. h5 c4 48. Re7+ Kc5 49. Rxb7 Bxb7 50. h6 b4 51. h7 1-0

[Event "CAN-op U2000 (Pinnacle 48th CAN Op Ch)"]
[Site "Toronto CAN"]
[Date "2011.07.14"]
[Round "6"]
[White "Yang, Yimang"]
[Black "Ali, Shafkat"]
[Result "1-0"]
[WhiteElo "1706"]
[BlackElo "1823"]
[PlyCount "113"]
[GameId "2160767909703759"]
[EventDate "2011.07.09"]
[EventType "swiss"]
[EventRounds "9"]
[EventCountry "CAN"]
[SourceTitle "EXT 2022"]
[Source "ChessBase"]
[SourceDate "2021.10.06"]
[SourceVersion "1"]
[SourceVersionDate "2021.10.06"]
[SourceQuality "1"]

1. b4 e5 2. Bb2 d6 3. c4 Bf5 4. e3 Nf6 5. Nf3 Be7 6. Be2 Nc6 7. b5 Nb8 8. O-O Nbd7 9. Nc3 c6 10. a4 O-O 11. d4 e4 12. Nd2 d5 13. Ba3 Rc8 14. Bxe7 Qxe7 15. Qc2 Bg6 16. Qb3 Nb6 17. c5 Nbd7 18. a5 h5 19. a6 b6 20. bxc6 Rxc6 21. Nxd5 Nxd5 22. Qxd5 Rfc8 23. cxb6 Nxb6 24. Qb5 Rc2 25. Rfd1 h4 26. Rab1 f6 27. Rb2 Be8 28. Qb3+ Bf7 29. Qxc2 Rxc2 30. Rxc2 Be8 31. Rdc1 Ba4 32. Rc5 h3 33. gxh3 Bd7 34. Bf1 f5 35. Nc4 Na4 36. Rc7 Qg5+ 37. Kh1 Be6 38. Rxa7 f4 39. Ra8+ Kh7 40. a7 Bd5 41. Rf8 f3 42. a8=Q Bxa8 43. Rxa8 Qb5 44. Rc8 Qb4 45. Ne5 Nb2 46. R8c2 Qa3 47. Nc4 Nxc4 48. Rxc4 Kh6 49. d5 Kh5 50. Rc6 Qa2 51. R1c2 Qb1 52. Kg1 Qa1 53. d6 Qf6 54. d7 Qg5+ 55. Kh1 Qd8 56. Rd2 g5 57. Rc8 1-0

[Event "CAN-op U2000 (Pinnacle 48th CAN Op Ch)"]
[Site "Toronto CAN"]
[Date "2011.07.15"]
[Round "7"]
[White "Ali, Shafkat"]
[Black "Medvedev, Gennadi"]
[Result "0-1"]
[WhiteElo "1823"]
[BlackElo "1639"]
[PlyCount "116"]
[GameId "2160767909703760"]
[EventDate "2011.07.09"]
[EventType "swiss"]
[EventRounds "9"]
[EventCountry "CAN"]
[SourceTitle "EXT 2022"]
[Source "ChessBase"]
[SourceDate "2021.10.06"]
[SourceVersion "1"]
[SourceVersionDate "2021.10.06"]
[SourceQuality "1"]

1. e4 c5 2. Nf3 d6 3. d4 cxd4 4. Nxd4 Nf6 5. Nc3 a6 6. g3 e5 7. Nde2 h6 8. Bg2 Bg4 9. h3 Bd7 10. O-O Bc6 11. Nd5 Bxd5 12. exd5 Nbd7 13. g4 Nh7 14. Ng3 g6 15. f4 Qb6+ 16. Kh2 Bg7 17. Qe2 O-O 18. Be3 Qd8 19. f5 g5 20. Ne4 Ndf6 21. Nxf6+ Qxf6 22. Be4 Qd8 23. c4 Nf6 24. Bf2 Nd7 25. Kg2 b6 26. Rh1 Nc5 27. Bc2 Re8 28. h4 f6 29. hxg5 hxg5 30. Rh3 Kf7 31. Rah1 Qe7 32. Rh5 e4 33. Be3 Nd3 34. Kf1 b5 35. Rh7 Qe5 36. Qg2 Nf4 37. Qh2 Rh8 38. Qh6 Rxh7 39. Qxh7 Rh8 40. Qxh8 Bxh8 41. Rxh8 Qxb2 42. Bxf4 gxf4 43. Bxe4 Qc1+ 44. Kg2 Qxc4 45. Kf3 Qc1 46. Kg2 Qd2+ 47. Kf1 a5 48. Rb8 Qxa2 49. Rb7+ Kg8 50. Rb8+ Kh7 51. g5 Qc4+ 52. Kf2 Qxe4 53. Rb7+ Kg8 54. Rb8+ Kg7 55. Rb7+ Kf8 56. Rb8+ Qe8 57. Rxe8+ Kxe8 58. g6 Kf8 0-1

[Event "CAN-op U2000 (Pinnacle 48th CAN Op Ch)"]
[Site "Toronto CAN"]
[Date "2011.07.15"]
[Round "7"]
[White "Bergeron, Florian"]
[Black "Sakka, Louay"]
[Result "0-1"]
[WhiteElo "1728"]
[BlackElo "1643"]
[PlyCount "68"]
[GameId "2160767909703761"]
[EventDate "2011.07.09"]
[EventType "swiss"]
[EventRounds "9"]
[EventCountry "CAN"]
[SourceTitle "EXT 2022"]
[Source "ChessBase"]
[SourceDate "2021.10.06"]
[SourceVersion "1"]
[SourceVersionDate "2021.10.06"]
[SourceQuality "1"]

1. d4 Nf6 2. c4 e6 3. Nc3 c5 4. e3 Nc6 5. Nf3 cxd4 6. exd4 Bb4 7. a3 Bxc3+ 8. bxc3 b6 9. d5 Ne7 10. dxe6 fxe6 11. Bd3 O-O 12. O-O Bb7 13. Qe2 Qc7 14. h3 Nf5 15. Bg5 h6 16. Bxf6 Rxf6 17. Rfe1 Raf8 18. Be4 Ba6 19. Bd3 Qc5 20. Ne5 Bc8 21. Ng4 R6f7 22. Qe4 h5 23. Ne3 g5 24. Ra2 d5 25. Qe5 dxc4 26. Qxc5 bxc5 27. Bxc4 Nd6 28. Bd3 Rg7 29. Rb2 g4 30. hxg4 hxg4 31. Nc4 Ba6 32. Nxd6 Bxd3 33. Rxe6 g3 34. fxg3 Rf1+ 0-1

[Event "CAN-op U2000 (Pinnacle 48th CAN Op Ch)"]
[Site "Toronto CAN"]
[Date "2011.07.15"]
[Round "7"]
[White "Cooke, Matthew W"]
[Black "Song, Eric"]
[Result "1-0"]
[WhiteElo "1799"]
[BlackElo "1488"]
[PlyCount "93"]
[GameId "2160767909703762"]
[EventDate "2011.07.09"]
[EventType "swiss"]
[EventRounds "9"]
[EventCountry "CAN"]
[SourceTitle "EXT 2022"]
[Source "ChessBase"]
[SourceDate "2021.10.06"]
[SourceVersion "1"]
[SourceVersionDate "2021.10.06"]
[SourceQuality "1"]

1. d4 d5 2. Nf3 Nf6 3. g3 h6 4. Bg2 e6 5. Nbd2 Bd6 6. b3 Bb4 7. Bb2 O-O 8. O-O Nc6 9. a3 Bd6 10. c4 Re8 11. Ne5 Bf8 12. cxd5 Nxe5 13. dxe5 Nxd5 14. Qc2 c6 15. Rad1 Qc7 16. Nc4 Rd8 17. e4 Nb6 18. Rxd8 Qxd8 19. Rd1 Qc7 20. Nd6 Qe7 21. f4 Nd7 22. Qf2 a6 23. Qd4 Qd8 24. Nxc8 Bc5 25. Qxc5 Qxc8 26. Qd4 Nf8 27. Bh3 Qc7 28. f5 exf5 29. exf5 Re8 30. e6 fxe6 31. fxe6 a5 32. Qg4 Re7 33. Qd4 Re8 34. Rf1 Re7 35. Qf2 Nh7 36. Bd4 Qc8 37. Bc5 Ng5 38. Qf7+ Nxf7 39. exf7+ Rxf7 40. Bxc8 Rc7 41. Rf8+ Kh7 42. Bf5+ g6 43. Bd6 Rg7 44. Be4 Rd7 45. Be5 Rd1+ 46. Kg2 Rd2+ 47. Kh3 1-0

[Event "CAN-op U2000 (Pinnacle 48th CAN Op Ch)"]
[Site "Toronto CAN"]
[Date "2011.07.15"]
[Round "7"]
[White "Dhaliwal, Jatinder"]
[Black "Del Duca, Giuseppe1"]
[Result "1-0"]
[WhiteElo "1673"]
[BlackElo "1374"]
[PlyCount "111"]
[GameId "2160767909703763"]
[EventDate "2011.07.09"]
[EventType "swiss"]
[EventRounds "9"]
[EventCountry "CAN"]
[SourceTitle "EXT 2022"]
[Source "ChessBase"]
[SourceDate "2021.10.06"]
[SourceVersion "1"]
[SourceVersionDate "2021.10.06"]
[SourceQuality "1"]

1. e4 e5 2. Nf3 Nc6 3. d3 Nf6 4. Bg5 Be7 5. Be2 d6 6. O-O Be6 7. c4 h6 8. Bh4 g5 9. Bg3 g4 10. Ne1 Nd4 11. f4 Nxe2+ 12. Qxe2 Nh5 13. f5 Nxg3 14. hxg3 Bxc4 15. dxc4 h5 16. Nc3 c6 17. Rd1 Qc7 18. f6 Bf8 19. Qf2 a6 20. Qf5 Qb6+ 21. Rf2 Rd8 22. Kf1 Qb4 23. c5 Qxc5 24. Nd3 Qe3 25. Nxe5 Qxg3 26. Ng6 Rg8 27. Ne7 Rh8 28. e5 Qxe5 29. Qxe5 dxe5 30. Rxd8+ Kxd8 31. Rd2+ Kc7 32. Re2 Kd6 33. Rd2+ Kc7 34. Ne4 Bh6 35. Rf2 Bf4 36. g3 Be3 37. Rf5 Bd4 38. b3 h4 39. gxh4 Rxh4 40. Kg2 Rh3 41. Ng5 Rd3 42. Nxf7 Rd2+ 43. Kg3 e4 44. Ne5 Bc5 45. Nxg4 Bd6+ 46. Ne5 e3 47. Kf3 Bc5 48. Nd3 Bxe7 49. fxe7 Kd7 50. Re5 Ke8 51. Kxe3 Rxa2 52. Nf4 Rb2 53. Nh5 Rxb3+ 54. Kd2 a5 55. Nf6+ Kf7 56. e8=Q+ 1-0

[Event "CAN-op U2000 (Pinnacle 48th CAN Op Ch)"]
[Site "Toronto CAN"]
[Date "2011.07.15"]
[Round "7"]
[White "Doknjas, John"]
[Black "Tonakanian, Stephan"]
[Result "1/2-1/2"]
[WhiteElo "1997"]
[BlackElo "1974"]
[PlyCount "92"]
[GameId "2160767909703764"]
[EventDate "2011.07.09"]
[EventType "swiss"]
[EventRounds "9"]
[EventCountry "CAN"]
[SourceTitle "EXT 2022"]
[Source "ChessBase"]
[SourceDate "2021.10.06"]
[SourceVersion "1"]
[SourceVersionDate "2021.10.06"]
[SourceQuality "1"]

1. d4 Nf6 2. c4 e5 3. dxe5 Ng4 4. Bf4 Nc6 5. Nf3 Bb4+ 6. Nbd2 Qe7 7. e3 Ngxe5 8. Nxe5 Nxe5 9. Be2 b6 10. O-O Bb7 11. Nb3 O-O 12. a3 Bc5 13. Nxc5 Qxc5 14. Qd4 Rfe8 15. Qxc5 bxc5 16. b4 cxb4 17. axb4 d6 18. Rfc1 Be4 19. Ra3 Reb8 20. b5 Nd7 21. Rca1 Rb7 22. f3 Bf5 23. e4 Be6 24. Be3 Kf8 25. Rxa7 Rbxa7 26. Rxa7 Rxa7 27. Bxa7 Ke7 28. Bd4 f6 29. Kf2 g6 30. f4 Bf7 31. Ke3 Ke6 32. g4 f5 33. gxf5+ gxf5 34. exf5+ Kxf5 35. Bd3+ Kg4 36. h3+ Kh4 37. f5 h5 38. Kf4 Kxh3 39. Kg5 Kg3 40. f6 Nf8 41. Bf5 Bxc4 42. Kh6 h4 43. Kg7 Ne6+ 44. Bxe6 Bxe6 45. b6 cxb6 46. Bxb6 h3 1/2-1/2

[Event "CAN-op U2000 (Pinnacle 48th CAN Op Ch)"]
[Site "Toronto CAN"]
[Date "2011.07.15"]
[Round "7"]
[White "Dowling, Bruce"]
[Black "Sametova, Zhanna"]
[Result "1-0"]
[WhiteElo "1847"]
[BlackElo "1647"]
[PlyCount "123"]
[GameId "2160767909703765"]
[EventDate "2011.07.09"]
[EventType "swiss"]
[EventRounds "9"]
[EventCountry "CAN"]
[SourceTitle "EXT 2022"]
[Source "ChessBase"]
[SourceDate "2021.10.06"]
[SourceVersion "1"]
[SourceVersionDate "2021.10.06"]
[SourceQuality "1"]

1. f4 c5 2. Nf3 Nc6 3. e4 d6 4. Be2 g6 5. c3 Bg7 6. d4 cxd4 7. cxd4 Nf6 8. Nc3 O-O 9. O-O Bg4 10. Ng5 Bxe2 11. Qxe2 Nxd4 12. Qf2 e5 13. f5 Qb6 14. Be3 h6 15. Nxf7 Ng4 16. Qg3 Nxe3 17. Rf2 Rxf7 18. Qxe3 Nb3 19. Qxb6 axb6 20. Raf1 Nc5 21. f6 Bf8 22. a3 d5 23. exd5 Nd3 24. Rd2 Bc5+ 25. Kh1 Nf2+ 26. Rdxf2 Bxf2 27. Rxf2 Rd8 28. g4 Rd6 29. g5 hxg5 30. Ne4 Rxd5 31. Nxg5 Rf8 32. f7+ Kh8 33. Ne6 Rd1+ 34. Kg2 Rxf7 35. Rxf7 Rd2+ 36. Rf2 Rd6 37. Ng5 Kg8 38. Ne4 Rc6 39. Kg3 Kg7 40. Kg4 Rc4 41. Re2 Rd4 42. Kg5 Rd3 43. Nf2 Rf3 44. Ng4 Rf5+ 45. Kh4 Rh5+ 46. Kg3 Rh8 47. Rxe5 Rd8 48. Re7+ Kf8 49. Rxb7 Rd3+ 50. Kh4 Rb3 51. Kg5 Rxb2 52. Kxg6 Rb3 53. Kf6 Ke8 54. Kf5 Rb2 55. h4 Ra2 56. h5 Rxa3 57. h6 Rh3 58. h7 Kf8 59. Kg6 Rh4 60. Nh6 Rxh6+ 61. Kxh6 Ke8 62. h8=Q# 1-0

[Event "CAN-op U2000 (Pinnacle 48th CAN Op Ch)"]
[Site "Toronto CAN"]
[Date "2011.07.15"]
[Round "7"]
[White "Fletcher, David"]
[Black "Sly, Douglas"]
[Result "1-0"]
[WhiteElo "1449"]
[BlackElo "1545"]
[PlyCount "74"]
[GameId "2160767909703766"]
[EventDate "2011.07.09"]
[EventType "swiss"]
[EventRounds "9"]
[EventCountry "CAN"]
[SourceTitle "EXT 2022"]
[Source "ChessBase"]
[SourceDate "2021.10.06"]
[SourceVersion "1"]
[SourceVersionDate "2021.10.06"]
[SourceQuality "1"]

1. e4 e6 2. d4 d5 3. exd5 exd5 4. c4 Bb4+ 5. Nc3 Nf6 6. a3 Bxc3+ 7. bxc3 O-O 8. Bd3 dxc4 9. Bxc4 b6 10. Qf3 c6 11. Bg5 Bg4 12. Qxg4 Nxg4 13. Bxd8 Rxd8 14. Ne2 Nd7 15. O-O c5 16. Rfd1 cxd4 17. Rxd4 Nde5 18. Rad1 Rxd4 19. Rxd4 Nxc4 20. Rxc4 Rd8 21. g3 Nf6 22. Rc7 g6 23. Rxa7 Rd2 24. Kf1 Rc2 25. Ra8+ Kg7 26. Rc8 Ra2 27. Rc6 b5 28. Ra6 Ne4 29. f3 Nd2+ 30. Kf2 Nb1 31. Ke3 Rxa3 32. Rxa3 Nxa3 33. Kd3 Kf6 34. Kd4 g5 35. Kc5 h5 36. Nd4 Ke5 37. Kb4 Nc2+ 1-0

[Event "CAN-op U2000 (Pinnacle 48th CAN Op Ch)"]
[Site "Toronto CAN"]
[Date "2011.07.15"]
[Round "7"]
[White "Gillis, Doug"]
[Black "Verde, Pino"]
[Result "1/2-1/2"]
[WhiteElo "1616"]
[BlackElo "1660"]
[PlyCount "59"]
[GameId "2160767909703767"]
[EventDate "2011.07.09"]
[EventType "swiss"]
[EventRounds "9"]
[EventCountry "CAN"]
[SourceTitle "EXT 2022"]
[Source "ChessBase"]
[SourceDate "2021.10.06"]
[SourceVersion "1"]
[SourceVersionDate "2021.10.06"]
[SourceQuality "1"]

1. d4 d6 2. Nc3 Nd7 3. e4 Ngf6 4. Nf3 e5 5. Bc4 Be7 6. O-O O-O 7. Qe2 exd4 8. Nxd4 Ne5 9. Bb3 c6 10. Rd1 Bg4 11. f3 Bd7 12. a4 a5 13. Bf4 Ng6 14. Bg3 Nh5 15. Bf2 Nhf4 16. Qc4 Ne5 17. Qf1 h5 18. Nf5 Bxf5 19. exf5 Qd7 20. Ne4 d5 21. Nc5 Qxf5 22. Nxb7 Qg5 23. Nc5 Nxf3+ 24. Kh1 Ne5 25. Be3 Neg6 26. Nd3 Bd6 27. g3 Qf5 28. Nxf4 Nxf4 29. Bxf4 Qe4+ 30. Qg2 1/2-1/2

[Event "CAN-op U2000 (Pinnacle 48th CAN Op Ch)"]
[Site "Toronto CAN"]
[Date "2011.07.15"]
[Round "7"]
[White "Jamshed, Musa"]
[Black "Chuchin, Sasha"]
[Result "1-0"]
[WhiteElo "1850"]
[BlackElo "1587"]
[PlyCount "81"]
[GameId "2160767909703768"]
[EventDate "2011.07.09"]
[EventType "swiss"]
[EventRounds "9"]
[EventCountry "CAN"]
[SourceTitle "EXT 2022"]
[Source "ChessBase"]
[SourceDate "2021.10.06"]
[SourceVersion "1"]
[SourceVersionDate "2021.10.06"]
[SourceQuality "1"]

1. e4 e5 2. Nf3 Nf6 3. Nc3 Bb4 4. Bc4 d6 5. a3 Ba5 6. O-O O-O 7. b4 Bb6 8. d3 h6 9. d4 Bg4 10. dxe5 Bxf3 11. Qxf3 dxe5 12. Bb2 Bd4 13. Rad1 Qe7 14. Nd5 Nxd5 15. Bxd4 Nxb4 16. axb4 exd4 17. Rxd4 Nc6 18. Rd2 Qxb4 19. Qe2 Ne5 20. Bb3 Rad8 21. Rfd1 Rxd2 22. Rxd2 Qe7 23. Qd1 Qf6 24. f3 Nc6 25. Qb1 Rd8 26. Bd5 b6 27. Qa2 a5 28. Qc4 Rd7 29. Rf2 Ne5 30. Qe2 c6 31. Bb3 Qd6 32. Rf1 Qc5+ 33. Kh1 Rd4 34. f4 Nd7 35. e5 a4 36. Ba2 Nf8 37. f5 Rd8 38. e6 fxe6 39. fxe6 Qe7 40. Rf7 Qd6 41. e7 1-0

[Event "CAN-op U2000 (Pinnacle 48th CAN Op Ch)"]
[Site "Toronto CAN"]
[Date "2011.07.15"]
[Round "7"]
[White "Jubenville, Mark"]
[Black "Cmilovic, Grisha"]
[Result "1-0"]
[WhiteElo "1790"]
[BlackElo "1618"]
[PlyCount "61"]
[GameId "2160767909703769"]
[EventDate "2011.07.09"]
[EventType "swiss"]
[EventRounds "9"]
[EventCountry "CAN"]
[SourceTitle "EXT 2022"]
[Source "ChessBase"]
[SourceDate "2021.10.06"]
[SourceVersion "1"]
[SourceVersionDate "2021.10.06"]
[SourceQuality "1"]

1. d4 Nf6 2. Bf4 d6 3. e3 Nbd7 4. Nd2 e5 5. Bg3 g6 6. Bd3 Nh5 7. Ne2 Nxg3 8. Nxg3 Bg7 9. c3 O-O 10. Qc2 f5 11. Bc4+ Kh8 12. O-O-O Nb6 13. Bb3 e4 14. Ne2 a5 15. a3 a4 16. Ba2 Qe7 17. Nf4 c6 18. h4 d5 19. Rde1 Be6 20. f3 Bf7 21. g4 exf3 22. h5 g5 23. Ng6+ Bxg6 24. hxg6 h6 25. gxf5 Qf6 26. e4 dxe4 27. Be6 Nd5 28. Qxe4 Nc7 29. Bf7 Nb5 30. Qe5 Nd6 31. Rxh6+ 1-0

[Event "CAN-op U2000 (Pinnacle 48th CAN Op Ch)"]
[Site "Toronto CAN"]
[Date "2011.07.15"]
[Round "7"]
[White "Leblanc, Paul"]
[Black "Yu, Patrick"]
[Result "1-0"]
[WhiteElo "1924"]
[BlackElo "1796"]
[PlyCount "67"]
[GameId "2160767909703770"]
[EventDate "2011.07.09"]
[EventType "swiss"]
[EventRounds "9"]
[EventCountry "CAN"]
[SourceTitle "EXT 2022"]
[Source "ChessBase"]
[SourceDate "2021.10.06"]
[SourceVersion "1"]
[SourceVersionDate "2021.10.06"]
[SourceQuality "1"]

1. d4 Nf6 2. c4 g6 3. g3 Bg7 4. Bg2 c5 5. d5 d6 6. Nc3 O-O 7. Nf3 Nh5 8. e4 f5 9. exf5 Bxf5 10. h3 Bc8 11. O-O Nd7 12. Kh2 Ne5 13. Nxe5 Bxe5 14. f4 Bg7 15. Bd2 Bd7 16. Qe2 Rf7 17. Rae1 Nf6 18. Nd1 Qc7 19. Bc3 Re8 20. Qf3 Ref8 21. Qe2 Re8 22. Qd2 e6 23. Ne3 Rfe7 24. Rd1 Kh8 25. Rfe1 exd5 26. Nxd5 Nxd5 27. Bxg7+ Kxg7 28. Bxd5 Bc6 29. Kg2 b6 30. Rxe7+ Rxe7 31. Qc3+ Kh6 32. g4 Bxd5+ 33. Rxd5 Re2+ 34. Kf1 1-0

[Event "CAN-op U2000 (Pinnacle 48th CAN Op Ch)"]
[Site "Toronto CAN"]
[Date "2011.07.15"]
[Round "7"]
[White "Liu, Jiaxin (Dora)"]
[Black "Beal, Greg"]
[Result "0-1"]
[WhiteElo "1398"]
[BlackElo "1777"]
[PlyCount "100"]
[GameId "2160767909703771"]
[EventDate "2011.07.09"]
[EventType "swiss"]
[EventRounds "9"]
[EventCountry "CAN"]

1. d4 d5 2. Nf3 Nf6 3. e3 e6 4. Bd3 c5 5. b3 Nc6 6. Bb2 Bd7 7. Nbd2 cxd4 8. exd4 Rc8 9. a3 Be7 10. O-O O-O 11. Ne5 Qc7 12. f4 g6 13. Qe2 Nxe5 14. fxe5 Ne8 15. Qg4 Ng7 16. Rac1 Qd8 17. Qe2 Bg5 18. g4 f5 19. exf6 Rxf6 20. Rxf6 Qxf6 21. Rf1 Qe7 22. Nf3 Bf4 23. Ne5 Rf8 24. Kh1 Be8 25. Nf3 a6 26. Rf2 Bc6 27. Kg1 Bd6 28. a4 Bf4 29. Rf1 Qd6 30. Re1 Rf6 31. Rf1 g5 32. Rf2 Be8 33. Rg2 Rh6 34. Kf1 Rh3 35. Kg1 Qf8 36. Rf2 Qf6 37. Kh1 Qe7 38. Rg2 h5 39. gxh5 Bxh5 40. Rf2 Qd6 41. c4 Bxf3+ 42. Qxf3 Rxf3 43. Rxf3 Qb4 44. cxd5 exd5 45. Ba1 Qd2 46. Rh3 Qe1+ 47. Kg2 Qxa1 48. Kf3 Qxd4 49. Ke2 Qb2+ 50. Kf1 Qc1+ 0-1

[Event "CAN-op U2000 (Pinnacle 48th CAN Op Ch)"]
[Site "Toronto CAN"]
[Date "2011.07.15"]
[Round "7"]
[White "Marks, Richard"]
[Black "Garel, Rick"]
[Result "0-1"]
[WhiteElo "1632"]
[BlackElo "1942"]
[PlyCount "100"]
[GameId "2160767909703772"]
[EventDate "2011.07.09"]
[EventType "swiss"]
[EventRounds "9"]
[EventCountry "CAN"]
[SourceTitle "EXT 2022"]
[Source "ChessBase"]
[SourceDate "2021.10.06"]
[SourceVersion "1"]
[SourceVersionDate "2021.10.06"]
[SourceQuality "1"]

1. c4 e5 2. Nc3 Nf6 3. Nf3 Nc6 4. g3 Bc5 5. Bg2 O-O 6. O-O a5 7. d3 d6 8. a3 Be6 9. e4 Qd7 10. Nd5 Ne8 11. Bg5 f5 12. Nd2 f4 13. gxf4 Bg4 14. Nf3 h6 15. f5 hxg5 16. Qd2 Bxf3 17. Bxf3 Nd4 18. Bd1 c6 19. Nc3 Qe7 20. Kg2 g4 21. Rh1 Nf6 22. Qg5 Nd5 23. Qxg4 Nf4+ 24. Kf1 Qf6 25. Ne2 Nfxe2 26. Bxe2 Ne6 27. h4 Qh6 28. Rg1 Nf4 29. Rd1 Rf7 30. h5 Kh8 31. Bf3 Bd4 32. b3 c5 33. a4 Ra6 34. Rh1 Rb6 35. Rb1 Rc6 36. Rh4 Rcc7 37. Be2 Rf6 38. Rd1 Kg8 39. Bf3 Kf8 40. Rh1 Rcf7 41. Rh4 Ke7 42. Qg3 Ne6 43. Kg2 Nd8 44. Rdh1 Nc6 45. Rg4 Kd7 46. Rg6 Qh7 47. Qg5 Ne7 48. Rh3 Kc6 49. h6 Nxg6 50. fxg6 Rxg6 0-1